[Event "Titled Tuesday intern op 21st July"]
[Site "Chess.com INT"]
[Date "2020.07.21"]
[Round "1"]
[White "Mohan, Dave"]
[Black "Gledura, Benjamin"]
[Result "0-1"]
[WhiteElo "1944"]
[BlackElo "2620"]
[PlyCount "84"]
[EventDate "2020.07.21"]
[EventType "swiss (blitz)"]
[EventRounds "10"]
[EventCountry "USA"]
[SourceTitle "CBM 197 Extra"]
[Source "ChessBase"]
[SourceDate "2020.09.30"]
[SourceVersion "1"]
[SourceVersionDate "2020.09.30"]
[SourceQuality "1"]

1. d4 Nf6 2. c4 e6 3. Nf3 d5 4. g3 Be7 5. Bg2 0-0 6. 0-0 dxc4 7. Qc2 b5 8. a4 b4 9. Qxc4 Bb7 10. Rd1 Nbd7 11. Nbd2 Qc8 12. Nb3 Bd5 13. Qc2 c5 14. dxc5 Nxc5 15. Nxc5 Bxc5 16. e3 Qb7 17. Qe2 Rfd8 18. Ne1 Bxg2 19. Nxg2 Ne4 20. Nf4 Ng5 21. h4 Nf3+ 22. Kf1 Nxh4 23. e4 Ng6 24. Nxg6 hxg6 25. Bf4 Bd4 26. f3 e5 27. Be3 Bxe3 28. Qxe3 Rxd1+ 29. Rxd1 Qa6+ 30. Kg2 Qxa4 31. Rd2 a5 32. Qc5 Qe8 33. Rd5 Qb8 34. Rxe5 a4 35. Re7 a3 36. bxa3 bxa3 37. Qd5 Kh7 38. Rxf7 a2 39. Rf4 Qxf4 40. Qxa8 Qd2+ 41. Kh3 Qb2 42. Qd8 Qf6 0-1

[Event "Titled Tuesday intern op 30th June"]
[Site "Chess.com INT"]
[Date "2020.06.30"]
[Round "10"]
[White "Mohan, Dave"]
[Black "Arabidze, Meri"]
[Result "0-1"]
[WhiteElo "1944"]
[BlackElo "2428"]
[PlyCount "70"]
[EventDate "2020.06.30"]
[EventType "swiss (blitz)"]
[EventRounds "10"]
[EventCountry "USA"]
[SourceTitle "CBM 197 Extra"]
[Source "ChessBase"]
[SourceDate "2020.09.30"]
[SourceVersion "1"]
[SourceVersionDate "2020.09.30"]
[SourceQuality "1"]

1. d4 d5 2. Nf3 Nf6 3. e3 e6 4. Bd3 c5 5. c3 Nc6 6. 0-0 Bd6 7. Nbd2 0-0 8. dxc5 Bxc5 9. e4 b6 10. Qe2 Bb7 11. e5 Nd7 12. Re1 Re8 13. Nf1 Nf8 14. h4 d4 15. b4 Be7 16. b5 Na5 17. Nxd4 Bxh4 18. Qg4 Be7 19. Ng3 Ng6 20. Bb2 Rc8 21. Rad1 Qc7 22. Ba1 Bf8 23. Nf1 Nc4 24. f4 Bd5 25. Ne3 Nxe3 26. Rxe3 Bc5 27. Rh3 Bxd4+ 28. cxd4 Bxa2 29. Bb2 Bd5 30. Bxg6 fxg6 31. Qh4 h6 32. Rg3 Be4 33. Re1 Qc2 34. Ba3 Rc3 35. Rxc3 Qxg2# 0-1

[Event "Titled Tuesday intern op 30th June"]
[Site "Chess.com INT"]
[Date "2020.06.30"]
[Round "9"]
[White "Mohan, Dave"]
[Black "De Borba, Guilherme"]
[Result "1-0"]
[WhiteElo "1944"]
[BlackElo "2279"]
[PlyCount "45"]
[EventDate "2020.06.30"]
[EventType "swiss (blitz)"]
[EventRounds "10"]
[EventCountry "USA"]
[SourceTitle "CBM 197 Extra"]
[Source "ChessBase"]
[SourceDate "2020.09.30"]
[SourceVersion "1"]
[SourceVersionDate "2020.09.30"]
[SourceQuality "1"]

1. d4 Nf6 2. c4 e6 3. Nf3 c5 4. d5 exd5 5. cxd5 Bd6 6. Nc3 0-0 7. Nd2 Re8 8. g3 Be5 9. Bg2 d6 10. 0-0 a6 11. a4 Nbd7 12. Nc4 Bxc3 13. bxc3 Ne4 14. Qc2 Qe7 15. Re1 Nef6 16. Bf4 Ne5 17. Bxe5 dxe5 18. a5 Rd8 19. Red1 Ne8 20. Qe4 Nd6 21. Qxe5 Qxe5 22. Nxe5 Re8 23. Nd3 1-0

[Event "Titled Tuesday intern op 30th June"]
[Site "Chess.com INT"]
[Date "2020.06.30"]
[Round "6"]
[White "Playa, Marcelo"]
[Black "Mohan, Dave"]
[Result "1/2-1/2"]
[WhiteElo "2376"]
[BlackElo "1944"]
[PlyCount "128"]
[EventDate "2020.06.30"]
[EventType "swiss (blitz)"]
[EventRounds "10"]
[EventCountry "USA"]
[SourceTitle "CBM 197 Extra"]
[Source "ChessBase"]
[SourceDate "2020.09.30"]
[SourceVersion "1"]
[SourceVersionDate "2020.09.30"]
[SourceQuality "1"]

1. e4 c6 2. d4 d5 3. e5 c5 4. c3 Nc6 5. Nf3 Bg4 6. Be2 e6 7. 0-0 Bxf3 8. Bxf3 cxd4 9. cxd4 Qb6 10. Be3 Qxb2 11. Nd2 Qb6 12. Rb1 Qc7 13. Be2 Nge7 14. Bd3 Nc8 15. f4 g6 16. g4 Nb6 17. Rc1 h5 18. f5 gxf5 19. gxf5 0-0-0 20. Kh1 Kb8 21. Bg5 Be7 22. Nf3 Rdg8 23. f6 Ba3 24. Rc2 Qd8 25. Qd2 Bb4 26. Qf4 Qd7 27. Bh6 Bf8 28. Bg5 Bb4 29. h4 Rc8 30. Bh6 Bf8 31. Bg7 Rg8 32. Rg2 Bxg7 33. fxg7 Nc4 34. Bh7 Rcd8 35. Bxg8 Rxg8 36. Qh6 Nd8 37. Qh7 Qe8 38. Qxh5 Ne3 39. Rfg1 Nf5 40. Qh7 Nc6 41. h5 Ncxd4 42. Nxd4 Nxd4 43. h6 Nf5 44. Qxf5 exf5 45. h7 d4 46. hxg8Q Qxg8 47. Rh2 Kc7 48. Rh8 Qxg7 49. Rxg7 d3 50. Rg2 f4 51. Rh3 Kc6 52. Rxd3 Kc5 53. Rf3 Kd5 54. Rxf4 Kxe5 55. Rxf7 b5 56. Rxa7 Kd5 57. Rb7 Kc4 58. Rb2 Kc3 59. R7xb5 Kc4 60. R5b3 Kc5 61. Rc2+ Kd4 62. Rb1 Kd3 63. Rc7 Kd4 64. Rb8 Ke5 1/2-1/2

[Event "Titled Tuesday intern op 6th June"]
[Site "Chess.com INT"]
[Date "2020.06.02"]
[Round "10"]
[White "Mohan, Dave"]
[Black "Melian, Juan Sebastian"]
[Result "1-0"]
[WhiteElo "1944"]
[BlackElo "1950"]
[PlyCount "71"]
[EventDate "2020.06.02"]
[EventType "swiss (blitz)"]
[EventRounds "10"]
[EventCountry "USA"]
[SourceTitle "CBM 196 Extra"]
[Source "ChessBase"]
[SourceDate "2020.07.31"]
[SourceVersion "1"]
[SourceVersionDate "2020.07.31"]
[SourceQuality "1"]

1. d4 Nf6 2. c4 e6 3. Nf3 Bb4+ 4. Nc3 b6 5. g3 Bb7 6. Bg2 0-0 7. 0-0 Bxc3 8. bxc3 Ne4 9. Qc2 f5 10. Nd2 Nxd2 11. Bxb7 Nxf1 12. Bxa8 c6 13. Kxf1 Qc7 14. Qa4 a5 15. Bf4 Qa7 16. Bxb8 Qxb8 17. Bxc6 dxc6 18. Qxc6 f4 19. Qxe6+ Kh8 20. Kg2 Re8 21. Qg4 Qc7 22. Rb1 fxg3 23. hxg3 Qxc4 24. Rxb6 Qxc3 25. Re6 Rf8 26. Re7 Qc6+ 27. f3 Qf6 28. Qe4 h6 29. Re8 Rxe8 30. Qxe8+ Kh7 31. Qe4+ Kg8 32. Qe5 Qb6 33. d5 Qb5 34. Qe6+ Kh7 35. d6 Qb1 36. Qe4+ 1-0

[Event "Titled Tuesday intern op 6th June"]
[Site "Chess.com INT"]
[Date "2020.06.02"]
[Round "7"]
[White "Mohan, Dave"]
[Black "Schekachikhin, Maksim"]
[Result "0-1"]
[WhiteElo "1944"]
[BlackElo "2406"]
[PlyCount "158"]
[EventDate "2020.06.02"]
[EventType "swiss (blitz)"]
[EventRounds "10"]
[EventCountry "USA"]
[SourceTitle "CBM 196 Extra"]
[Source "ChessBase"]
[SourceDate "2020.07.31"]
[SourceVersion "1"]
[SourceVersionDate "2020.07.31"]
[SourceQuality "1"]

1. d4 d5 2. Nf3 Nf6 3. c4 e6 4. g3 dxc4 5. Bg2 Bb4+ 6. Nc3 Nc6 7. 0-0 0-0 8. a3 Be7 9. e4 Na5 10. Be3 a6 11. Qe2 b5 12. Rad1 Bb7 13. Ne5 Nb3 14. f4 c5 15. dxc5 Qc7 16. c6 Bc8 17. g4 Bc5 18. g5 Ne8 19. Nd7 Bxd7 20. cxd7 Nd6 21. Kh1 Rad8 22. e5 Nf5 23. Bxc5 Nxc5 24. Be4 Rxd7 25. Bxf5 exf5 26. Nd5 Qb7 27. Qg2 Ne4 28. Nf6+ Nxf6 29. gxf6 Qxg2+ 30. Kxg2 Rfd8 31. Rxd7 Rxd7 32. Kf3 gxf6 33. exf6 Rd6 34. Rg1+ Kh8 35. h4 Rxf6 36. h5 Rd6 37. Rg5 Rd3+ 38. Ke2 Rb3 39. Rxf5 Rxb2+ 40. Ke3 Kg7 41. h6+ Kxh6 42. Rf6+ Kg7 43. Rxa6 c3 44. Kd3 b4 45. axb4 Rxb4 46. f5 Rf4 47. Kxc3 Rxf5 48. Kd3 Re5 49. Kd4 f6 50. Ra7+ Kg6 51. Ra6 h5 52. Ra8 h4 53. Rg8+ Kf5 54. Rh8 Kg4 55. Rg8+ Rg5 56. Rf8 h3 57. Rxf6 h2 58. Rf1 Kg3 59. Ra1 Kg2 60. Ra2+ Kh3 61. Ra3+ Rg3 62. Ra1 Rg1 63. Ra3+ Kg4 64. Ra8 h1Q 65. Rg8+ Kf3 66. Rf8+ Ke2 67. Re8+ Kd2 68. Re4 Qxe4+ 69. Kxe4 Re1+ 70. Kf5 Re3 71. Kg4 Kd3 72. Kg5 Ke4 73. Kg6 Rf3 74. Kh6 Rg3 75. Kh7 Kf5 76. Kh8 Kf6 77. Kh7 Rg2 78. Kh8 Kf7 79. Kh7 Rh2# 0-1